Statistics for 2019-20 Premier League Final Table

Click here to take the quiz!

General Stats

  • This quiz has been taken 10 times
  • The average score is 18 of 20

Answer Stats

PositionTeamWonDrewLostGF/GAGDPoints% Correct
8Arsenal14141056/48856
100%
4Chelsea2061269/541566
100%
5Leicester City1881267/412662
100%
1Liverpool323385/335299
100%
2Manchester City2639102/356781
100%
3Manchester United1812866/363066
100%
6Tottenham Hotspur16111161/471459
100%
17Aston Villa982141/67-2635
88%
18Bournemouth972240/65-2534
88%
15Brighton & Hove Albion9141539/54-1541
88%
10Burnley1591443/50-754
88%
14Crystal Palace11101731/50-1943
88%
12Everton13101544/56-1249
88%
20Norwich City562726/75-4921
88%
9Sheffield United14121239/39054
88%
11Southampton1571651/60-952
88%
16West Ham United1091949/62-1339
88%
7Wolverhampton Wanderers1514951/401159
88%
13Newcastle United11111638/58-2044
75%
19Watford8102036/64-2834
75%

Score Distribution

Percentile by Number Answered

Percent of People with Each Score

Your Score History

You have not taken this quiz